Oversight of the Federal Energy Regulatory Commission.

Bibliographic Details
Corporate Author: United States. Congress. House. Committee on Energy and Commerce. Subcommittee on Energy and Power
Format: Government Document eBook
Language:English
Published: Bethesda, Md. : ProQuest, 2015.
Subjects:
Online Access:Electronic resource (PDF)

MARC

Tag First Indicator Second Indicator Subfields
LEADER 00000cam a22000001i 4500
001 in00004128413
005 20200117100742.0
006 m d f
007 cr bn mmmapmmp
008 161020s2015 mdu o f000 0 eng d
035 |a chdc20160830 
040 |a UMI  |b eng  |e rda  |c UMI  |d UtOrBLW 
043 |a n-us--- 
086 0 |a Y 4.C 73/8:114-104 
110 1 |a United States.  |b Congress.  |b House.  |b Committee on Energy and Commerce.  |b Subcommittee on Energy and Power.  |0 http://id.loc.gov/authorities/names/n81111167 
245 1 0 |a Oversight of the Federal Energy Regulatory Commission. 
264 1 |a Bethesda, Md. :  |b ProQuest,  |c 2015. 
300 |a 134 pages, digital, PDF file. 
336 |a text  |2 rdacontent  |b txt 
337 |a computer  |b c  |2 rdamedia 
338 |a online resource  |2 rdacarrier  |b cr 
500 |a Record is based on bibliographic data in ProQuest U.S. Congressional Hearings Digital Collection. Reuse except for individual research requires license from ProQuest, LLC. 
533 |a Electronic reproduction.  |b [Bethesda, Md.] :  |c ProQuest,  |d 2016.  |e digital, PDF file.  |n ProQuest Congressional Hearings Digital Collection.  |n Mode of access: World Wide Web via ProQuest website. 
538 |a System requirements: PDF reader software. 
610 1 0 |a United States.  |b Federal Energy Regulatory Commission.  |0 http://id.loc.gov/authorities/names/n78045614 
650 0 |a Energy policy  |z United States.  |0 http://id.loc.gov/authorities/subjects/sh2008102907 
650 0 |a Electric power  |x Government policy  |z United States. 
776 0 8 |i Microfiche version:   |a United States. Congress. House. Committee on Energy and Commerce. Subcommittee on Energy and Power.  |t Oversight of the Federal Energy Regulatory Commission  |o CIS 2016 H361-79  |w cis20162701 
856 4 0 |u http://proxy.library.tamu.edu/login?url=http://search.proquest.com/congcomp/getdoc?HEARING-ID=HRG-2015-HEC-0078  |y Electronic resource (PDF)  |z CIS 2016-H361-79  |t 0 
998 |a cis20162701 
999 f f |s a12e7888-c303-3297-994d-e65484c41dfc  |i eac4a748-0a5d-34c5-94fc-d3e63e8d594d  |t 0 
952 f f |a Texas A&M University  |b College Station  |c Electronic Resources  |d Available Online  |t 0  |e Y 4.C 73/8:114-104  |h Superintendent of Documents classification 
998 f f |a Y 4.C 73/8:114-104  |t 0  |l Available Online